Kraków - quiz wielokrotnego wyboru - Statystyki

Ogólne statystyki
  • Ten quiz został rozwiązany 1 454 razy
  • Średni wynik to 7 z 10
Statystyki odpowiedzi
Zagadnienie Odpowiedź % Poprawnych
Jaka znana rzeka przepływa przez Kraków? Wisła
99%
Jaka potrawa jest symbolem Krakowa? Obwarzanek
93%
Kto był autorem dramatu "Wesele", jednego z najważniejszych dzieł epoki Młodej Polski, który miał swoją premierę w Krakowie? Stanisław Wyspiański
83%
Jaki klub piłkarski z Krakowa zajmuje 2. miejsce w tabeli wszech czasów Ekstraklasy? Wisła
76%
Kto był prezydentem Krakowa w latach 2002-2024 będąc najdłużej urzędującym prezydentem w historii miasta? Jacek Majchrowski
73%
Zdjęcia do którego z poniższych filmów w dużej mierze realizowano w Krakowie? Lista Schindlera
69%
Za panowania którego króla została założona Akademia Krakowska? Kazimierza III Wielkiego
62%
Pod czyim wezwaniem jest katedra wawelska? Św. Stanisława i Św. Wacława
50%
Kto był autorem pomnika Adama Mickiewicza w Krakowie? Teodor Rygier
41%
Który z krakowskich mostów drogowych na Wiśle istniejących do dzisiaj jest najstarszy? Most Józefa Piłsudzkiego
15%
Nie znaleziono quizów pasujących do podanych kryteriów
Rozkład punktacji
Procent ludzi z każdym wynikiem
Percentyl według liczby udzielonych odpowiedzi
Twoja historia wyników
Nie rozwiązałeś tego quizu